| 000 | 00491cam a2200169ua 4500 | ||
|---|---|---|---|
| 003 | OSt | ||
| 008 | 250812b |||||||| |||| 00| 0 eng d | ||
| 041 | _aeng | ||
| 082 |
_a627.02 _bWHI/WA |
||
| 100 |
_aWhittington, Dale . _97713 |
||
| 245 | _aWater management models in practice: A case study of the Aswan high dam / | ||
| 250 | _a1 / | ||
| 260 |
_aNew York : _bElsevier Scientific Publishing Company , _c1983. |
||
| 300 | _a246 ; . | ||
| 700 | 1 |
_aGuariso, Giorgio . _97714 |
|
| 942 | _cBK | ||
| 999 |
_c2465 _d2465 |
||